Statistiken für Ehepartner der deutschen Bundeskanzler

Klicken Sie hier um das Quiz zu spielen!

Allgemein

  • Dieses Quiz wurde 56 mal gespielt
  • Das Durchschnittsergebnis liegt bei 4 aus 8

Antwortstatistiken

Bundeskanzler(in)AmtszeitEhepartner% Korrekt
Helmut Schmidt1974-1982Hannelore "Loki" Schmidt
93%
Angela Merkel2005-2021Joachim Sauer
84%
Helmut Kohl1982-1998Hannelore Kohl
81%
Gerhard Schröder1998-2005Doris Schröder-Köpf
74%
Willy Brandt1969-1974Rut Brandt
47%
Olaf Scholz2021-Britta Ernst
23%
Ludwig Erhard1963-1966Luise Erhard
16%
Kurt-Georg Kiesinger1966-1969Marie-Luise Kiesinger
14%

Verteilung der Resultate

Perzentil nach korrekt beantworteten Fragen

Anzahl Personen mit jedem Resultat

Ihre Resultats-Entwicklung

Sie haben dieses Quiz noch nicht gespielt